Normal view
MARC view
- Mustakim Aminuddin
Entry Personal Name
001 - CONTROL NUMBER
- control field: 8023
003 - CONTROL NUMBER IDENTIFIER
- control field: OSt
005 - DATE AND TIME OF LATEST TRANSACTION
- control field: 20170525110254.0
008 - FIXED-LENGTH DATA ELEMENTS
- fixed length control field: 170525|| aca||aabn | a|a d
040 ## - CATALOGING SOURCE
- Original cataloging agency: OSt
- Transcribing agency: OSt
100 ## - HEADING--PERSONAL NAME
- Personal name: Mustakim Aminuddin
670 ## - SOURCE DATA FOUND
- Source citation: Work cat.: (OSt)0: Marcose, Joe 8020, Mokhtar Dahari :, 1989

PORTAL AKMAL
E-MEL JKDM
AKMAL2U
G-BAM
u-PUSTAKA